Patrimoine - Statistiques

Statistiques générales
  • Ce quiz a été pris 14 fois
  • Le résultat moyen est 2 sur 14
Statistiques - réponses
Événements Réponse % Correct
Institution onusienne pour le patrimoine UNESCO
92%
Stratégie d'un état qui utilise ses traditions culinaires comme vecteur de puissance Gastro-diplomatie
33%
Ministre de la culture grecque dans le combat pour la restitution des marbres Mélina Mercouri
33%
Homme politique chargé de la première classification patrimoniale française Prosper Mérimée
25%
Abbé ayant popularisé l'expression de vandalisme Abbé Grégoire
17%
Territoire de circulation, de connexions de Carrefour selon Michel Lussaux Hyper-lieux
8%
Conservateur emblématique du château de Versailles Pierre de Nolhac
8%
Document qui défini les règles de construction et d'occupation du bati urbain Plan Local d'Urbanisme
8%
Lieu en danger qui conduit à l'apparition du "patrimoine mondial" Abu Simbel
0%
Raison du danger Barrage d'Assouan
0%
Institution déconcentrés pour la protection du patrimoine local Direction Régionale des Affaires Culturelles
0%
Autre institution fondée en 1965 pour les sites historiques ICOMOS
0%
Notion: Vision fantaisiste des ancêtres Néo-memoire
0%
Code urbanistique pour la preservation des monuments Plan de Sauvegarde et de Mise en Valeur
0%
Aucun quiz correspondant
Distribution des résultats
% des personnes avec chaque résultat
Percentile par nombre de réponses
Votre historique - résultats
Vous n’avez pas pris ce quiz